Don Quijote de la Mancha

Сохранить в:
Библиографические подробности
Главный автор: Cervantes y Saavedra, Miguel de (Автор)
Формат:
Язык:испанский
Опубликовано: Santiago Universitaria 1975
Серии:Colección los clásicos, 11
Предметы:
Метки: Добавить метку
Нет меток, Требуется 1-ая метка записи!

MARC

LEADER 00000nam a2200000 a 4500
001 UCX0124
003 CL-VaPUC
008 890814e19750000CL |||||||||||||||||spa|d
020 |a 956111318X 
020 |a 9561113198v.1 
020 |a 9561113201v.2 
082 0 4 |a 863  |b CER  |2 21 
100 |a Cervantes y Saavedra, Miguel de  |e author  |9 267947 
245 1 0 |a Don Quijote de la Mancha 
246 1 3 |a El ingenioso hidalgo Don Quijote de la Mancha 
300 |a 2 v 
942 |c BK 
945 |d 19890814 00:00:00 
260 |a Santiago  |b Universitaria  |c 1975 
500 |a Incluye facsimil de las portadas de la edición de 1605 y 1615, publicada en Madrid por Juan de la Cuesta 
650 0 |a Novelas españolas  |9 265052 
583 |a last modification  |c 20130306 02:46:04  |k Rodrigo Vera 
490 0 |a Colección los clásicos, 11 
999 |c 221850  |d 221848 
952 |0 0  |1 0  |4 0  |6 863_000000000000000_CER_1975  |7 0  |8 A  |9 215805  |a BIBEDU  |b BIBEDU  |d 2019-11-15  |h v.1  |i 2843471  |o 863 CER 1975  |p 2843471  |r 2019-11-15  |w 2019-11-15  |y BK  |k LIT 
952 |0 0  |1 0  |4 0  |6 863_000000000000000_CER_1975  |7 0  |8 A  |9 215806  |a BIBEDU  |b BIBEDU  |d 2019-11-15  |h v.2  |i 284348K  |o 863 CER 1975  |p 284348K  |r 2019-11-15  |w 2019-11-15  |y BK  |k LIT 
952 |0 0  |1 0  |4 0  |6 863_000000000000000_CER_1975  |7 0  |8 A  |9 215807  |a BIBEDU  |b BIBEDU  |d 2019-11-15  |h v.1  |i 2843498  |o 863 CER 1975  |p 2843498  |r 2019-11-15  |w 2019-11-15  |y BK  |k LIT 
952 |0 0  |1 0  |4 0  |6 863_000000000000000_CER_1975  |7 0  |8 A  |9 215808  |a BIBEDU  |b BIBEDU  |d 2019-11-15  |h v.2  |i 2843501  |o 863 CER 1975  |p 2843501  |r 2019-11-15  |w 2019-11-15  |y BK  |k LIT 
952 |0 0  |1 0  |4 0  |6 863_000000000000000_CER_1975  |7 0  |8 A  |9 215809  |a BIBEDU  |b BIBEDU  |d 2019-11-15  |h v.1  |i 1932845  |o 863 CER 1975  |p 1932845  |r 2019-11-15  |w 2019-11-15  |y BK  |k LIT 
952 |0 0  |1 0  |4 0  |6 863_000000000000000_CER_1975  |7 0  |8 A  |9 215810  |a BIBEDU  |b BIBEDU  |d 2019-11-15  |h v.1  |i 1932896  |o 863 CER 1975  |p 1932896  |r 2019-11-15  |w 2019-11-15  |y BK  |k LIT 
952 |0 0  |1 0  |4 0  |6 863_000000000000000_CER_1975  |7 0  |8 A  |9 215812  |a BIBEDU  |b BIBEDU  |d 2019-11-15  |h v.2  |i 1937138  |o 863 CER 1975  |p 1937138  |r 2019-11-15  |w 2019-11-15  |y BK  |k LIT 
952 |0 0  |1 0  |4 0  |6 863_000000000000000_CER_1975  |7 0  |8 A  |9 215813  |a BIBEDU  |b BIBEDU  |d 2019-11-15  |h v.2  |i 1937189  |o 863 CER 1975  |p 1937189  |r 2019-11-15  |w 2019-11-15  |y BK  |k LIT 
952 |0 0  |1 0  |4 0  |6 863_000000000000000_CER_1975  |7 0  |8 A  |9 215814  |a BIBEDU  |b BIBEDU  |d 2019-11-15  |h v.2  |i 1937235  |o 863 CER 1975  |p 1937235  |r 2019-11-15  |w 2019-11-15  |y BK  |k LIT 
952 |0 0  |1 0  |4 0  |6 863_000000000000000_CER_1975  |7 0  |8 A  |9 215815  |a BIBCUR  |b BIBCUR  |d 2019-11-15  |h v.1  |i 4204565  |l 1  |o 863 CER 1975  |p 4204565  |r 2025-04-22  |s 2024-08-16  |w 2019-11-15  |y BK  |k PER 
952 |0 0  |1 0  |4 0  |6 863_000000000000000_CER_1975  |7 0  |8 A  |9 215816  |a BIBCUR  |b BIBCUR  |d 2019-11-15  |h v.2  |i 4204573  |l 1  |o 863 CER 1975  |p 4204573  |r 2025-04-22  |s 2024-08-16  |w 2019-11-15  |y BK  |k PER